Richest Fictional Characters Quiz Stats

 Plays Quiz Updated Dec 31, 2018

Support Sporcle.
Go Orange.
Score 0/15 Timer 04:00
1 Play Today
Residence Name % Correct
Gotham City, USABruce Wayne
83.3%
Springfield, USAC. Montgomery Burns
57.5%
Richville, USARichie Rich
52.3%
Greenbow, ALForrest Gump
31.2%
New York, NYTony Stark
30.1%
Beverly Hills, CAJed Clampett
20%
LannisportTywin Lannister
16.9%
Xanadu, FLCharles Foster Kane
12.4%
Residence Name % Correct
Stockholm, SwedenLisbeth Salander
11.4%
Atlantic City, NJMr. Monopoly
9.8%
Downton, EnglandRobert Crawley
7.6%
The Lonely MountainSmaug
6.5%
Forks, WACarlisle Cullen
4.7%
Johannesburg, South AfricaFlintheart Glomgold
1.6%
Tallahassee, FLJo Bennett
0.3%

From the Vault

2000s Pop Culture

by knightlancer

"Imma let you finish."
Remove Ads.
Support Sporcle.
Get the best of Sporcle when you Go Orange. This ad-free experience offers more features, more stats, and more fun while also helping to support Sporcle. Thank you for becoming a member.

Show Comments

Extras

Top Quizzes Today


Score Distribution

Your Account Isn't Verified!

In order to create a playlist on Sporcle, you need to verify the email address you used during registration. Go to your Sporcle Settings to finish the process.

Report this User

Report this user for behavior that violates our Community Guidelines.

Details: